000 00380nam a2200169Ia 4500
005 20250423095231.0
008 250422s9999 xx 000 0 und d
020 _a0- 02- 358941- 8
050 _aLB1025.3.H85
100 _aMadeline Hunter
245 0 _aEnhancing teaching
260 _bMacmillan
260 _c1994
300 _a254 p
650 _aTeaching
942 _cBK
999 _c29652
_d29652